000 01593nam a2200385 a 4500
001
003 OSt
005 20210721133805.0
008 100406s1994 dr 001 0dspa d
040 _a BPMSU
_bspa
_c BPMSU
049 _a
082 _a923.27293
_bD812a 1994
_222
245 0 0 _aApuntes de Rosa Duarte :
_barchivo y versos de Juan Pablo Duarte /
_cedición y notas de E. Rodríguez Demorizi, C. Larrazábal Blanco, V. Alfau Durán; prólogo Pedro Troncoso Sánchez.
250 _a2a ed.
260 _aSanto Domingo :
_bSecretaría de Estado de Educación Bellas Artes y Cultos,
_c1994.
300 _a332 p. ;
_c23 cm.
490 0 _aPublicaciones del Sesquicentenario de la Independencia Nacional
500 _aIncluye índice onomástico
500 _aIncluye referencias bibliográficas y notas al pie de páginas
500 _aSecretaría de Estado de Educación Bellas Artes y Cultos en el año del Sesquicentenario de la Independencia Nacional
590 _6Inventariado, 2021VM
600 1 4 _aDUARTE, ROSA
_d1820-1888
600 1 0 _aDuarte, Juan Pablo,
_d1813-1876
600 1 0 _aDuarte, Juan Pablo,
_d1813-1876
650 4 _aPoesía dominicana
650 4 _aLiteratura dominicana.
651 4 _aRepública Dominicana
_xHistoria
_y1844-1930
_xFuentes
700 _aRodríguez Demorizi, Emilio,
_d1908-1986
_eed.
700 1 _aAlfau Durán, Vetilio,
_d1909-1985
_eed.
700 1 _aLarrazábal Blanco, Carlos,
_d1894-1989,
_eed.
700 1 _aTroncoso Sánchez, Pedro,
_d1904-1989,
_epról.
910 _aVMateo V.
942 _2ddc
_cBK
956 _aVMateo
999 _c13594
_d13594